<?xml version="1.0" encoding="UTF-8"?>
<collection xmlns="http://www.loc.gov/MARC21/slim">
 <record>
  <leader>00938pamaa2200217   4500</leader>
  <controlfield tag="001">0000052219</controlfield>
  <controlfield tag="005">20140214090000.0</controlfield>
  <controlfield tag="008">140214s2007</controlfield>
  <datafield tag="020" ind1="0" ind2="0">
   <subfield code="a">9780470034494 (pbk.) </subfield>
  </datafield>
  <datafield tag="090" ind1="0" ind2="0">
   <subfield code="a">QA76.8.I64 </subfield>
   <subfield code="b">JIP 2007</subfield>
  </datafield>
  <datafield tag="100" ind1="1" ind2="0">
   <subfield code="a">Jipping </subfield>
  </datafield>
  <datafield tag="245" ind1="1" ind2="0">
   <subfield code="a">Smartphone operating system concepts with Symbian OS : </subfield>
   <subfield code="b">a tutorial guide  </subfield>
   <subfield code="c">Mike Jipping; </subfield>
   <subfield code="f">reviewed by Attila Vamos ... [et al.]; </subfield>
   <subfield code="f">reviewed by Attila Vamos ... [et al.]; </subfield>
   <subfield code="f">Freddie Gjertsen; </subfield>
   <subfield code="f">reviewed by Attila Vamos ... [et al.]; </subfield>
   <subfield code="f">Freddie Gjertsen; </subfield>
   <subfield code="f">managing editor, Satu McNabb.</subfield>
  </datafield>
  <datafield tag="250" ind1="0" ind2="0">
   <subfield code="a">1st ed.</subfield>
  </datafield>
  <datafield tag="260" ind1="0" ind2="0">
   <subfield code="a">Chichester, England ; Hoboken, NJ: </subfield>
   <subfield code="b">John Wiley &amp; Sons, </subfield>
   <subfield code="c">2007.</subfield>
  </datafield>
  <datafield tag="300" ind1=" " ind2=" ">
   <subfield code="a">xv, 338 p.: </subfield>
   <subfield code="b">ill.; </subfield>
   <subfield code="c">21 cm.</subfield>
  </datafield>
  <datafield tag="501" ind1="0" ind2="0">
   <subfield code="a">BCSI</subfield>
  </datafield>
  <datafield tag="504" ind1="0" ind2="0">
   <subfield code="a">Includes bibliographical references (p. [311]) and index</subfield>
  </datafield>
  <datafield tag="650" ind1="0" ind2="0">
   <subfield code="a">Cell phones -- </subfield>
   <subfield code="x">Computer programs </subfield>
  </datafield>
  <datafield tag="650" ind1="0" ind2="0">
   <subfield code="a">Pocket computers -- </subfield>
   <subfield code="x">Computer programs </subfield>
  </datafield>
  <datafield tag="650" ind1="0" ind2="0">
   <subfield code="a">Symbian OS (Computer file) </subfield>
  </datafield>
  <datafield tag="901" ind1=" " ind2=" ">
   <subfield code="u">http://www.wiley.com</subfield>
  </datafield>
 </record>
</collection>
